02142cam a22005294i 4500001000700000003000900007005001700016008004100033020001500074035002700089040003300116049000900149082002100158100002500179245008400204264006500288300006700353336002100420337002500441338002300466504004000489505004900529526001000578526001000588526001000598526001000608526000800618526000800626526000800634526000800642526000800650526000800658526000800666596000800674650003800682650004400720650004600764910000800810942001400818994001400832949012700846949013700973999015001110999014101260980005501401952015601456u23261PE-LiUPU20250731173018.0150623s1994 xxu rb 000 0 eng d a0310215323 a(Sirsi) i9780310215325 aPE-LiUPUbspacPE-LiUPUerda aPRUA04a248.842bB882211 aBuford, Bob,eautor.10aHalftime :bchanging your game plan from success to significance /cBob Buford. 1aGrand Rapids, Michigan :bZondervan Publishing House,c1994. a192 páginas :bilustraciones, gráficos ;c21 centímetros atext2rdacontent aunmediated2rdamedia avolume2rdacarrier aBibliografía : páginas 173-175.0 aThe first half. -Halftime. -The second half. aSEG42 aSEG41 aSEG40 aSEG39 aP94 aP87 aP86 aP85 aP77 aP76 aP35 a1 204aAutorrealizaciónxCristianismo.04aPersonas de mediana edadxPsicología.04aPersonas de mediana edadxVida religiosa. cigq 2ddccBOOK aC0bPEPRU a248.8 B88wDEWEYc1iFT01981lCCODEBUT1mBUTr0sYtBOOKu2015-11-5xBIBLIOTECAzAG0DONACIONo.STAFF. Colección General a248.842 B88wDEWEYc1i47365f2018-2-8g2lCCODEBUL1mBULr0sYtBOOKu2015-6-24xTEOLOGIAPP350COMPRAo.STAFF. Colección General a248.842 B88wDEWEYc23919i47365f2021-11-12g5lCCODEBUL1mBULr0sYtBOOKu2015-6-24xTEOLOGIAPP350COMPRAo.STAFF. Colección Generald23919 a248.8 B88wDEWEYc1iFT01981f2019-2-20g1lCCODEBUT1mBUTr0sYtBOOKu2015-11-5xBIBLIOTECAzAG0DONACIONo.STAFF. Colección General 81gALBERTO SANCHEZ Responsable de Automatización r2025-12-03 00:00:00i6l0o248.842 B88p47365te1w2015-06-24xFTyBKzinventario-2023-12-13102ddc50708GENfP35aBULbBULcGENd2015-06-24eCOMPRA